[Event "Landesklasse West 2012/2013"]
[Site "?"]
[Date "2013.04.21"]
[Round "9"]
[White "Krannich, Volkmar"]
[Black "Seeboth, Paul"]
[Result "1/2-1/2"]
[WhiteElo "1498"]
[BlackElo "1806"]
[PlyCount "71"]
[EventDate "2013.??.??"]
[WhiteTeam "SV Schmalkalden 04"]
[BlackTeam "Schachclub Rochade Leinefelde"]

1. d4 Nf6 2. Nf3 e6 3. c4 d5 4. e3 c6 5. Nc3 Nbd7 6. Bd3 Bd6 7. Qc2 Qe7 8. cxd5
exd5 9. O-O O-O 10. e4 dxe4 11. Nxe4 Nxe4 12. Bxe4 Nf6 13. Re1 Nxe4 14. Rxe4
Qf6 15. Bg5 Qg6 16. Re2 Bf5 17. Qd2 Bg4 18. Nh4 Qh5 19. f3 h6 20. fxg4 Qxg4 21.
Nf3 hxg5 22. Qxg5 Qxg5 23. Nxg5 Bb4 24. Rd1 Rfe8 25. Kf2 Rad8 26. Rd3 Re7 27.
Rxe7 Bxe7 28. Nf3 f6 29. Rb3 Rd7 30. Re3 Kf7 31. Ke2 g5 32. g4 Bd6 33. h4 Bf4
34. Re4 Rd5 35. hxg5 fxg5 36. Kd3 1/2-1/2

[Event "Landesklasse West 2012/2013"]
[Site "?"]
[Date "2013.04.21"]
[Round "9"]
[White "Dittrich, Frank"]
[Black "Wissel, Daniel"]
[Result "1-0"]
[WhiteElo "1768"]
[BlackElo "1893"]
[PlyCount "57"]
[EventDate "2013.??.??"]
[WhiteTeam "Schachclub Rochade Leinefelde"]
[BlackTeam "SV Schmalkalden 04"]

1. e4 b6 2. d4 Bb7 3. Bd3 Nf6 4. Nc3 e6 5. Nf3 Bb4 6. Qe2 d5 7. e5 Nfd7 8. O-O
c5 9. Bg5 Qc8 10. Qe3 cxd4 11. Nxd4 Bc5 12. f4 Nc6 13. Nce2 Nxd4 14. Nxd4 Bxd4
15. Qxd4 Ba6 16. Bxa6 Qxa6 17. b3 Rc8 18. c4 Rc5 19. f5 b5 20. cxd5 Rxd5 21.
Qb4 Qb6+ 22. Kh1 Rc5 23. Be3 a5 24. Bxc5 Nxc5 25. Qd4 Nd7 26. Qxb6 Nxb6 27.
fxe6 fxe6 28. Rac1 Nd7 29. Rc8+ 1-0

[Event "Thüringenliga 2012/2013"]
[Site "?"]
[Date "2012.09.23"]
[Round "1"]
[White "Kuntze, Andreas"]
[Black "Krüger, Rainer"]
[Result "0-1"]
[WhiteElo "2020"]
[BlackElo "2088"]
[PlyCount "88"]
[EventDate "2012.??.??"]
[WhiteTeam "SC 51 Nordhausen"]
[BlackTeam "ESV Lok Sömmerda"]

1. e4 c5 2. Nc3 Nc6 3. f4 g6 4. Nf3 Bg7 5. Bb5 d6 6. O-O e6 7. Bxc6+ bxc6 8. e5
Ba6 9. d3 c4 10. Ne4 d5 11. Nd6+ Ke7 12. Be3 Nh6 13. Bc5 Kd7 14. dxc4 Rb8 15.
b3 Qa5 16. Qd4 Nf5 17. Nxf5 gxf5 18. Rfd1 Rhc8 19. Ng5 f6 20. Nf7 fxe5 21.
Nxe5+ Bxe5 22. fxe5 Rg8 23. cxd5 cxd5 24. Bd6 Rb7 25. Qh4 Kc6 26. c4 dxc4 27.
b4 Qa4 28. Qd4 Rbg7 29. g3 Kb7 30. b5 Bxb5 31. Rab1 a6 32. Rb4 Qxa2 33. Ra1
Rxg3+ 34. hxg3 Rxg3+ 35. Kf1 Qg2+ 36. Ke1 Qh1+ 37. Kd2 Qh2+ 38. Kc1 Rg1+ 39.
Qxg1 Qxg1+ 40. Kb2 c3+ 41. Ka2 Qf2+ 42. Ka3 Qd2 43. Rh1 c2 44. Rxh7+ Kb6 0-1

[Event "Thüringenliga 2012/2013"]
[Site "?"]
[Date "2012.09.23"]
[Round "1"]
[White "Königsmann, Marcus"]
[Black "Siegemund, Joachim"]
[Result "0-1"]
[WhiteElo "1907"]
[BlackElo "2033"]
[PlyCount "96"]
[EventDate "2012.??.??"]
[WhiteTeam "SC 51 Nordhausen"]
[BlackTeam "ESV Lok Sömmerda"]

1. e4 e6 2. d4 d5 3. Nc3 Bb4 4. e5 c5 5. a3 Bxc3+ 6. bxc3 Ne7 7. a4 Qa5 8. Bd2
Nbc6 9. Qg4 g6 10. Nf3 Bd7 11. Bd3 O-O-O 12. c4 Qc7 13. c3 dxc4 14. Bxc4 Nd5
15. O-O Na5 16. Ba2 c4 17. Bg5 Rde8 18. Nd2 h6 19. Be3 h5 20. Qf3 Nxc3 21. Qxf7
Rhf8 22. Qxg6 Bc6 23. f3 Rg8 24. Qc2 Nd5 25. Rfe1 Nb4 26. Qc3 Nd5 27. Qc2 Nb4
28. Qc3 Nd5 29. Qa3 Qg7 30. Re2 Ref8 31. Rf1 h4 32. Ne4 Nb3 33. Bxb3 Nxe3 34.
Bxc4 Nxc4 35. Qc5 Ne3 36. d5 Nxd5 37. Qxa7 Qxe5 38. Qa8+ Kc7 39. Qa5+ Kb8 40.
Qc5 Qc7 41. a5 Nf4 42. Rc2 Rf5 43. Qe3 Qxa5 44. Nd6 Rf6 45. Rb1 Qa7 46. Rc5
Rxg2+ 47. Kh1 Rxh2+ 48. Kxh2 Qa2+ 0-1

[Event "Thüringenliga 2012/2013"]
[Site "?"]
[Date "2012.09.23"]
[Round "1"]
[White "Kalisch, Michael"]
[Black "Schilling, Rolf"]
[Result "1-0"]
[WhiteElo "1912"]
[BlackElo "1956"]
[PlyCount "103"]
[EventDate "2012.??.??"]
[WhiteTeam "ESV Lok Sömmerda"]
[BlackTeam "SC 51 Nordhausen"]

1. e4 e5 2. Bc4 Nf6 3. d3 Bc5 4. Nf3 Nc6 5. c3 O-O 6. Bb3 d5 7. Qe2 h6 8. Nbd2
Bg4 9. Nf1 Qd7 10. h3 Be6 11. Ng3 dxe4 12. dxe4 Rad8 13. Bc2 a6 14. O-O Bd6 15.
Nh4 Ne7 16. Qf3 Nh7 17. Nhf5 Qc6 18. Qg4 Nxf5 19. Nxf5 Bxf5 20. Qxf5 Qd7 21.
Qf3 Qe7 22. Qe2 Ng5 23. h4 Ne6 24. g3 Qf6 25. Bd2 Qg6 26. Kh2 Qf6 27. Rae1 Rd7
28. Bc1 Rfd8 29. Qg4 Bc5 30. Kh1 Bd6 31. f4 Qg6 32. Qf3 exf4 33. gxf4 Qf6 34.
Qg4 Be7 35. f5 Nf8 36. h5 Qh4+ 37. Qxh4 Bxh4 38. Re2 Re7 39. Rg2 Nh7 40. Bxh6
f6 41. Bf4 Bg5 42. Bh2 Red7 43. e5 fxe5 44. Bxe5 Re7 45. Bb3+ Kh8 46. Be6 Bf6
47. Bf4 Nf8 48. Bb3 Rde8 49. h6 Re1 50. Kg1 R1e7 51. hxg7+ Bxg7 52. Bg5 1-0

[Event "Thüringenliga 2012/2013"]
[Site "?"]
[Date "2012.09.23"]
[Round "1"]
[White "Reichardt, Hans-Ulrich"]
[Black "Kühn, Karsten"]
[Result "0-1"]
[WhiteElo "1682"]
[BlackElo "1941"]
[PlyCount "94"]
[EventDate "2012.??.??"]
[WhiteTeam "SC 51 Nordhausen"]
[BlackTeam "ESV Lok Sömmerda"]

1. Nf3 d6 2. b3 e5 3. d3 Nc6 4. g3 g6 5. Bb2 Bg7 6. Nbd2 Nf6 7. Bg2 Bg4 8. h3
Bd7 9. O-O O-O 10. e4 Ne8 11. Nh4 Qc8 12. Kh2 Nd8 13. c3 Ne6 14. Nc4 Ng5 15. g4
Ne6 16. Bc1 Rb8 17. Ne3 Nf4 18. Nd5 Nxd5 19. exd5 Qd8 20. Nf3 f5 21. Bg5 Bf6
22. Bh6 Ng7 23. g5 Be7 24. Bxg7 Kxg7 25. h4 Rh8 26. Rh1 h6 27. gxh6+ Rxh6 28.
Kg1 Bxh4 29. Qd2 Qe7 30. Re1 Rbh8 31. Nd4 Bg5 32. f4 Rxh1+ 33. Bxh1 Bh4 34. Re3
Qf6 35. fxe5 dxe5 36. Nf3 Bg3 37. Qg2 Bf4 38. Re2 Qb6+ 39. Kf1 e4 40. Nd4 Rh2
41. Qg1 Rxe2 42. Kxe2 Qa6 43. Qb1 Be5 44. Ke3 exd3 45. c4 f4+ 46. Kxd3 Bxd4 47.
Kxd4 Qf6+ 0-1

[Event "Thüringenliga 2012/2013"]
[Site "?"]
[Date "2012.09.23"]
[Round "1"]
[White "Kühn, Martin"]
[Black "Viererbe, Hartmut"]
[Result "1-0"]
[WhiteElo "1940"]
[BlackElo "1607"]
[PlyCount "53"]
[EventDate "2012.??.??"]
[WhiteTeam "ESV Lok Sömmerda"]
[BlackTeam "SC 51 Nordhausen"]

1. d4 Nf6 2. c4 e6 3. Nf3 b6 4. Nc3 Bb7 5. Qc2 Bb4 6. a3 Bxc3+ 7. Qxc3 Ne4 8.
Qc2 O-O 9. Bf4 d6 10. e3 Nd7 11. Bd3 f5 12. h3 Ndf6 13. O-O h6 14. Nd2 g5 15.
Bh2 Qe7 16. f3 Nxd2 17. Qxd2 Qg7 18. Kh1 h5 19. d5 Qd7 20. dxe6 Qxe6 21. Qc2
Nd7 22. b4 Rae8 23. Rae1 Ne5 24. Be2 Ng6 25. c5 bxc5 26. bxc5 Qd7 27. Qb3+ 1-0

[Event "Thüringenliga 2012/2013"]
[Site "?"]
[Date "2012.09.23"]
[Round "1"]
[White "Hüllenhagen, Andreas"]
[Black "Kirste, Olaf"]
[Result "0-1"]
[WhiteElo "1657"]
[BlackElo "1931"]
[PlyCount "34"]
[EventDate "2012.??.??"]
[WhiteTeam "SC 51 Nordhausen"]
[BlackTeam "ESV Lok Sömmerda"]

1. d4 g6 2. Nf3 Bg7 3. Nbd2 Nf6 4. e4 d6 5. Bd3 Nc6 6. c3 O-O 7. O-O e5 8. dxe5
dxe5 9. Bc2 Qe7 10. Nb3 Bg4 11. Bg5 Rad8 12. Qe2 h6 13. Bxf6 Qxf6 14. Rad1 Rfe8
15. Rxd8 Nxd8 16. Nc5 Bf8 17. Nd7 Bxd7 0-1

[Event "Thüringenliga 2012/2013"]
[Site "?"]
[Date "2012.09.23"]
[Round "1"]
[White "Sukaylo, Aleksey"]
[Black "Kosowski, Todor"]
[Result "1/2-1/2"]
[WhiteElo "2007"]
[BlackElo "2181"]
[PlyCount "65"]
[EventDate "2012.??.??"]
[WhiteTeam "Ilmenauer SV"]
[BlackTeam "SG Arnstadt-Stadtilm"]

1. e4 c5 2. Nf3 d6 3. d4 cxd4 4. Nxd4 a6 5. Nc3 Nf6 6. Bg5 e6 7. f4 Be7 8. Qf3
Qc7 9. O-O-O Nc6 10. Nxc6 Qxc6 11. Bd3 Bd7 12. Rhe1 O-O-O 13. Re3 h6 14. Bxf6
Bxf6 15. Bf1 Kb8 16. Kb1 Qc5 17. a3 Bc6 18. Na2 d5 19. Nb4 dxe4 20. Rxd8+ Rxd8
21. Nxc6+ Qxc6 22. Rxe4 Rd4 23. Bd3 Qb6 24. Rxd4 Bxd4 25. c3 Bxc3 26. Qe2 Bf6
27. g4 Qd4 28. f5 exf5 29. gxf5 Be5 30. h3 Ka7 31. Be4 Bf6 32. Qg2 Qb6 33. Ka2
1/2-1/2

[Event "Thüringenliga 2012/2013"]
[Site "?"]
[Date "2012.09.23"]
[Round "1"]
[White "Buring, Matthias"]
[Black "Töpfer, Albrecht"]
[Result "1/2-1/2"]
[WhiteElo "2064"]
[BlackElo "1918"]
[PlyCount "45"]
[EventDate "2012.??.??"]
[WhiteTeam "SG Arnstadt-Stadtilm"]
[BlackTeam "Ilmenauer SV"]

1. d4 f5 2. Bg5 Nf6 3. c4 e6 4. Nc3 Bb4 5. e3 O-O 6. Bd3 c5 7. Nge2 Nc6 8. O-O
cxd4 9. exd4 Bxc3 10. bxc3 b6 11. d5 Ne5 12. Nd4 Nxd3 13. Qxd3 Ba6 14. Nb5 Bxb5
15. cxb5 h6 16. Bxf6 Qxf6 17. a4 Rac8 18. c4 e5 19. a5 e4 20. Qe2 Qd4 21. axb6
axb6 22. Rfd1 Qe5 23. Ra7 1/2-1/2

[Event "Thüringenliga 2012/2013"]
[Site "?"]
[Date "2012.09.23"]
[Round "1"]
[White "Rempel, Patrick"]
[Black "Sauer, Marko"]
[Result "1-0"]
[WhiteElo "2023"]
[BlackElo "1978"]
[PlyCount "120"]
[EventDate "2012.??.??"]
[WhiteTeam "Ilmenauer SV"]
[BlackTeam "SG Arnstadt-Stadtilm"]

1. Nf3 Nf6 2. g3 b6 3. Bg2 Bb7 4. c4 e5 5. Nc3 Be7 6. O-O d6 7. Qa4+ Bc6 8. Qc2
a5 9. e4 Nbd7 10. d4 Rb8 11. Rd1 exd4 12. Nxd4 Bb7 13. f4 O-O 14. Nf5 Re8 15.
h3 Bf8 16. Be3 g6 17. Nd4 Qe7 18. Bf2 Nxe4 19. Re1 f5 20. g4 Qf7 21. Nxe4 fxe4
22. Bxe4 Bxe4 23. Rxe4 Nc5 24. Rxe8 Rxe8 25. f5 Bg7 26. Rf1 g5 27. a3 Bf6 28.
b4 axb4 29. axb4 Ne4 30. Ne6 Nxf2 31. Qxf2 c5 32. Qd2 Qe7 33. Qd5 Kh8 34. bxc5
bxc5 35. Rd1 Be5 36. Kg2 Rb8 37. Rd2 h6 38. Re2 Qb7 39. Nxc5 Qxd5+ 40. cxd5 Rb5
41. Nd7 Rxd5 42. f6 Kg8 43. Kf3 Kf7 44. Ra2 Bxf6 45. Ra7 Be7 46. Nb6 Rc5 47.
Ke4 Ke6 48. Kd3 d5 49. Kd4 Rc6 50. Na4 Bf6+ 51. Kd3 Be7 52. Nc3 Bb4 53. Ne2 Ke5
54. Ra8 Rf6 55. Re8+ Re6 56. Rd8 Bc5 57. Rd7 Ra6 58. Nc3 Bd6 59. Rd8 Ra3 60.
Kc2 Ra6 1-0

[Event "Thüringenliga 2012/2013"]
[Site "?"]
[Date "2012.09.23"]
[Round "1"]
[White "Widmann, Benjamin"]
[Black "Falk, Kristoffer"]
[Result "1/2-1/2"]
[WhiteElo "1853"]
[BlackElo "1862"]
[PlyCount "140"]
[EventDate "2012.??.??"]
[WhiteTeam "SG Arnstadt-Stadtilm"]
[BlackTeam "Ilmenauer SV"]

1. c4 e6 2. Nf3 d5 3. cxd5 exd5 4. g3 Bd6 5. Bg2 Nf6 6. d3 h6 7. O-O O-O 8. Nc3
Re8 9. Qc2 c6 10. a3 Nbd7 11. b4 Qc7 12. Bb2 a5 13. Rfb1 Nf8 14. Qd2 axb4 15.
axb4 Rxa1 16. Bxa1 Qe7 17. b5 Bb4 18. bxc6 bxc6 19. Nd4 Bxc3 20. Bxc3 c5 21.
Nc6 Qe6 22. Bxf6 Qxc6 23. Bb2 Qd6 24. Ba3 Bg4 25. e3 Bf5 26. Rc1 Ne6 27. d4 Rc8
28. Bxc5 Nxc5 29. dxc5 Rxc5 30. Rxc5 Qxc5 31. Bxd5 Qb5 32. Qa2 Qd7 33. Qa8+ Qc8
34. Kg2 Qxa8 35. Bxa8 Kf8 36. f4 Ke7 37. Kf3 Bd7 38. e4 Ba4 39. h3 Bd1+ 40. Ke3
Ba4 41. e5 Bb3 42. Be4 Ba4 43. g4 f6 44. Kd4 Bd1 45. Bd3 Bf3 46. Ke3 Bc6 47.
Bg6 Bb7 48. h4 Bc6 49. Be4 Ba4 50. Bf3 Bb3 51. Kd4 Ba4 52. Be2 Bc6 53. Kc5 Be4
54. Bd1 Bb7 55. exf6+ gxf6 56. Kd4 Bc6 57. Ke3 Bd5 58. Bf3 Bb3 59. Be4 Bd1 60.
Bf5 Bb3 61. Bd3 Bd5 62. f5 Bc6 63. h5 Bd5 64. Kf4 Bc6 65. Bc4 Kf8 66. g5 hxg5+
67. Ke3 Kg7 68. Be2 Bd7 69. Bg4 Bxf5 70. Bxf5 g4 1/2-1/2

[Event "Thüringenliga 2012/2013"]
[Site "?"]
[Date "2012.09.23"]
[Round "1"]
[White "Leuner, Klaus"]
[Black "Schätz, Bianca"]
[Result "1/2-1/2"]
[WhiteElo "1871"]
[BlackElo "1864"]
[PlyCount "66"]
[EventDate "2012.??.??"]
[WhiteTeam "Ilmenauer SV"]
[BlackTeam "SG Arnstadt-Stadtilm"]

1. d4 d5 2. c4 e6 3. Nc3 Nf6 4. Bg5 Be7 5. e3 Nbd7 6. Nf3 O-O 7. a3 a5 8. Bd3
c6 9. O-O Re8 10. Qc2 dxc4 11. Bxc4 Nd5 12. Bxe7 Qxe7 13. Rfd1 Nxc3 14. Qxc3 b5
15. Bd3 Bb7 16. Rac1 Rec8 17. Ne5 Nxe5 18. dxe5 b4 19. Qc5 Qxc5 20. Rxc5 bxa3
21. bxa3 Rd8 22. Kf1 Ba6 23. Ke2 Rxd3 24. Rxd3 Rd8 25. Rcc3 Kf8 26. Kd2 Bxd3
27. Rxd3 Rb8 28. Kc2 Ke8 29. Rb3 Rb5 30. f4 Kd7 31. e4 h5 32. Rd3+ Kc7 33. Rd4
g6 1/2-1/2

[Event "Thüringenliga 2012/2013"]
[Site "?"]
[Date "2012.09.23"]
[Round "1"]
[White "Bächer, Reinhard"]
[Black "Schenk, Stefan"]
[Result "0-1"]
[WhiteElo "1852"]
[BlackElo "1866"]
[PlyCount "94"]
[EventDate "2012.??.??"]
[WhiteTeam "SG Arnstadt-Stadtilm"]
[BlackTeam "Ilmenauer SV"]

1. e4 c5 2. Nf3 d6 3. d4 cxd4 4. Nxd4 Nf6 5. Nc3 g6 6. Be2 Bg7 7. O-O Nc6 8.
Be3 O-O 9. Kh1 d5 10. exd5 Nxd5 11. Nxc6 bxc6 12. Nxd5 cxd5 13. Bf3 e6 14. c3
Ba6 15. Be2 Bxe2 16. Qxe2 Qa5 17. Rfd1 Rab8 18. Bd4 Qb5 19. Qxb5 Rxb5 20. Bxg7
Kxg7 21. Rd2 Rfb8 22. b3 Rc5 23. Rc1 Rbc8 24. Rd3 a5 25. a4 R5c7 26. g3 Rb8 27.
c4 dxc4 28. Rxc4 Rxc4 29. bxc4 Rb4 30. Rc3 Kf8 31. Kg2 Ke7 32. c5 Kd7 33. c6+
Kc7 34. Rc5 Rxa4 35. Kf3 Ra2 36. Ke3 a4 37. h4 h5 38. f3 a3 39. Rc3 Ra1 40. Rc2
a2 41. Kf4 f6 42. Re2 e5+ 43. Ke4 Kxc6 44. Rc2+ Kd6 45. Re2 f5+ 46. Ke3 Kd5 47.
f4 e4 0-1

[Event "Thüringenliga 2012/2013"]
[Site "?"]
[Date "2012.09.23"]
[Round "1"]
[White "Müller, Julian"]
[Black "Marufke, Kai"]
[Result "1/2-1/2"]
[WhiteElo "1753"]
[BlackElo "1862"]
[PlyCount "63"]
[EventDate "2012.??.??"]
[WhiteTeam "Ilmenauer SV"]
[BlackTeam "SG Arnstadt-Stadtilm"]

1. e4 e5 2. Nf3 d6 3. d4 exd4 4. Nxd4 Be7 5. Nc3 Nf6 6. Bc4 Bd7 7. O-O O-O 8.
Re1 Nc6 9. Nf5 Ne5 10. Bb3 Bxf5 11. exf5 Nfd7 12. Nd5 Bf6 13. Nxf6+ Qxf6 14.
Qh5 Nc5 15. Bd5 c6 16. Be4 d5 17. Bg5 Qd6 18. Rad1 Ned7 19. b4 Nxe4 20. Rxe4
Nf6 21. Bxf6 Qxf6 22. Rh4 h6 23. g4 Qg5 24. Qxg5 hxg5 25. Rh3 Rfe8 26. Re3 Rxe3
27. fxe3 Re8 28. Kf2 Re4 29. Rd4 Kf8 30. Kf3 Rxd4 31. exd4 Ke7 32. Ke3 1/2-1/2

[Event "Thüringenliga 2012/2013"]
[Site "?"]
[Date "2012.09.23"]
[Round "1"]
[White "Schumacher, Andreas"]
[Black "Ortlepp, Steffen"]
[Result "1/2-1/2"]
[WhiteElo "1686"]
[BlackElo "1819"]
[PlyCount "51"]
[EventDate "2012.??.??"]
[WhiteTeam "SG Arnstadt-Stadtilm"]
[BlackTeam "Ilmenauer SV"]

1. d4 Nf6 2. c4 g6 3. Nc3 d5 4. cxd5 Nxd5 5. Nxd5 Qxd5 6. e3 Bg7 7. Nf3 c5 8.
Bb5+ Bd7 9. Bxd7+ Nxd7 10. O-O O-O 11. dxc5 Qxd1 12. Rxd1 Nxc5 13. Rb1 Rfd8 14.
Rxd8+ Rxd8 15. Kf1 Ne4 16. Ke2 g5 17. Nd2 Nc5 18. f3 Rd7 19. b3 Bc3 20. Nf1 Nd3
21. Bd2 Bxd2 22. Nxd2 Nb4 23. Rb2 Rc7 24. Ne4 h6 25. Rd2 f5 26. Nf2 1/2-1/2

[Event "Thüringenliga 2012/2013"]
[Site "?"]
[Date "2012.09.23"]
[Round "1"]
[White "Müller, Michael"]
[Black "Siebarth, Raiko"]
[Result "1/2-1/2"]
[WhiteElo "2179"]
[BlackElo "2269"]
[PlyCount "132"]
[EventDate "2012.??.??"]
[WhiteTeam "SSV Vimaria 91 Weimar"]
[BlackTeam "SG Blau-Weiß Stadtilm"]

1. d4 Nf6 2. g3 g6 3. Bg2 Bg7 4. e4 d6 5. Ne2 O-O 6. O-O Nbd7 7. h3 c5 8. c3
Rb8 9. Be3 b5 10. Nd2 b4 11. Re1 bxc3 12. bxc3 Ba6 13. Qa4 Qc8 14. Qa3 e5 15.
f4 exd4 16. cxd4 Bxe2 17. Rxe2 Nh5 18. Bf2 Bxd4 19. Bxd4 cxd4 20. Rc1 Nc5 21.
e5 Qa6 22. Qxa6 Nxa6 23. Ne4 dxe5 24. fxe5 Rfc8 25. Rxc8+ Rxc8 26. Rd2 Rd8 27.
Bf3 Ng7 28. Nf6+ Kf8 29. Nxh7+ Ke7 30. Ng5 Ne6 31. Ne4 Nac5 32. Nd6 Rb8 33. h4
Nd7 34. Nc4 Rb4 35. Be2 Nb6 36. Na5 Rb1+ 37. Kf2 Nd7 38. Nc6+ Ke8 39. g4 Rc1
40. Nxd4 Nxd4 41. Rxd4 Nxe5 42. Ra4 Rc7 43. h5 gxh5 44. gxh5 f6 45. Ke3 Kf7 46.
Kf4 Kg7 47. Kf5 Nf7 48. Rg4+ Ng5 49. Rc4 Re7 50. Bg4 Nf7 51. Kf4 Ne5 52. Re4
Nd3+ 53. Kf5 Rxe4 54. Kxe4 Nf2+ 55. Kf5 Nxg4 56. Kxg4 Kh6 57. a3 a6 58. a4 a5
59. Kf5 Kxh5 60. Kxf6 Kh6 61. Ke6 Kg6 62. Kd6 Kf6 63. Kc5 Ke7 64. Kb6 Kd8 65.
Kxa5 Kc7 66. Ka6 Kb8 1/2-1/2

[Event "Thüringenliga 2012/2013"]
[Site "?"]
[Date "2012.09.23"]
[Round "1"]
[White "Schneider, Christian"]
[Black "Günther, Andreas"]
[Result "1-0"]
[WhiteElo "2202"]
[BlackElo "2091"]
[PlyCount "85"]
[EventDate "2012.??.??"]
[WhiteTeam "SG Blau-Weiß Stadtilm"]
[BlackTeam "SSV Vimaria 91 Weimar"]

1. c4 e6 2. Nc3 d5 3. d4 f5 4. Nf3 c6 5. g3 Nf6 6. Bg2 Bd6 7. O-O O-O 8. Qc2
Qe8 9. Bf4 Bxf4 10. gxf4 Qh5 11. e3 Ne4 12. Ne5 Nd7 13. Nxe4 fxe4 14. f3 Nxe5
15. dxe5 exf3 16. Rxf3 Bd7 17. Raf1 Rad8 18. Rh3 Qf5 19. Qxf5 Rxf5 20. e4 Rff8
21. cxd5 exd5 22. f5 Bc8 23. e6 Rfe8 24. exd5 cxd5 25. Rg3 Kf8 26. Bf3 g6 27.
fxg6 hxg6 28. Rxg6 Ke7 29. Bg4 Rf8 30. Rg7+ Kd6 31. e7 Rxf1+ 32. Kxf1 Re8 33.
Bxc8 Rxc8 34. Ke2 b5 35. Kf3 a5 36. Rf7 Re8 37. h4 Ke6 38. Rg7 Kf6 39. Rg5 Rxe7
40. Rxd5 Rb7 41. Ke4 Rc7 42. Rxb5 Rc4+ 43. Kd3 1-0

[Event "Thüringenliga 2012/2013"]
[Site "?"]
[Date "2012.09.23"]
[Round "1"]
[White "Albrecht, Jürgen"]
[Black "Rätsch, Heinz"]
[Result "1-0"]
[WhiteElo "2046"]
[BlackElo "2110"]
[PlyCount "65"]
[EventDate "2012.??.??"]
[WhiteTeam "SSV Vimaria 91 Weimar"]
[BlackTeam "SG Blau-Weiß Stadtilm"]

1. e4 d6 2. d4 g6 3. Nc3 Bg7 4. f4 Nf6 5. Nf3 O-O 6. Bd3 c5 7. dxc5 dxc5 8. e5
Ne8 9. Be3 Nd7 10. h4 Nc7 11. h5 b5 12. Ng5 Nxe5 13. fxe5 Bxe5 14. Be4 Rb8 15.
Bxc5 b4 16. Ne2 Rb5 17. Be3 Nd5 18. Nxf7 Rxf7 19. hxg6 hxg6 20. Bxg6 Rf6 21.
Qd3 Qd6 22. O-O-O Ra5 23. Be4 Be6 24. Bxd5 Bxd5 25. Qh7+ Kf8 26. Qh8+ Kf7 27.
Nd4 Bxd4 28. Bxd4 Qf4+ 29. Rd2 Rxa2 30. Rh7+ Ke6 31. Qc8+ Kd6 32. Qc5+ Ke6 33.
Qxe7+ 1-0

[Event "Thüringenliga 2012/2013"]
[Site "?"]
[Date "2012.09.23"]
[Round "1"]
[White "George, Tom"]
[Black "Philipp, Michael"]
[Result "0-1"]
[WhiteElo "1877"]
[BlackElo "1972"]
[PlyCount "134"]
[EventDate "2012.??.??"]
[WhiteTeam "SG Blau-Weiß Stadtilm"]
[BlackTeam "SSV Vimaria 91 Weimar"]

1. e4 c5 2. Nf3 Nc6 3. Bb5 g6 4. O-O Bg7 5. Re1 Nf6 6. e5 Nd5 7. Nc3 Nc7 8.
Bxc6 dxc6 9. Ne4 Ne6 10. c3 c4 11. b3 b5 12. bxc4 bxc4 13. Qa4 Qd5 14. Bb2 O-O
15. Nd4 c5 16. Nxe6 Bxe6 17. Ba3 Rfc8 18. Qa5 Bxe5 19. Rab1 Bf5 20. f3 Bc7 21.
Qa6 Bb6 22. Re2 Rd8 23. Rbe1 Bc8 24. Qa4 Bd7 25. Qc2 Qd3 26. Qc1 Bc6 27. Nf2
Qd6 28. Rxe7 Qxd2 29. Ne4 Bxe4 30. R7xe4 Qxa2 31. R4e2 Qb3 32. Re5 Qb5 33. Qg5
Re8 34. Bc1 Qc6 35. Qe3 Rxe5 36. Qxe5 Qe6 37. Qxe6 fxe6 38. Rxe6 Kf7 39. Re4
Re8 40. Rf4+ Ke6 41. Kf2 Kd5 42. Rf7 h5 43. Rf6 Re6 44. Rxe6 Kxe6 45. Ke3 Kf5
46. Ba3 a6 47. Ke2 Ke5 48. Ke3 Ba5 49. Bb2 Bd8 50. f4+ Kd5 51. Kf3 a5 52. g3
Bf6 53. h3 a4 54. g4 h4 55. g5 Bg7 56. Ke3 a3 57. Bxa3 Bxc3 58. Bc1 Bd4+ 59.
Kf3 c3 60. Ba3 c2 61. Bc1 Kc4 62. Ke4 Kb3 63. Kd3 Bb2 64. Kd2 c4 65. f5 gxf5
66. g6 Bc3+ 67. Ke2 Ka2 0-1

[Event "Thüringenliga 2012/2013"]
[Site "?"]
[Date "2012.09.23"]
[Round "1"]
[White "Riedel, Finn"]
[Black "Siebarth, Marco"]
[Result "0-1"]
[WhiteElo "1988"]
[BlackElo "1975"]
[PlyCount "174"]
[EventDate "2012.??.??"]
[WhiteTeam "SSV Vimaria 91 Weimar"]
[BlackTeam "SG Blau-Weiß Stadtilm"]

1. b3 e5 2. Bb2 Nc6 3. e3 d5 4. c4 d4 5. exd4 exd4 6. d3 Bb4+ 7. Nd2 Qe7+ 8.
Be2 Bf5 9. Qc2 a5 10. a3 Bc5 11. Ngf3 Nf6 12. O-O O-O 13. Rfe1 Rfe8 14. Nf1 Qd7
15. Ng3 Rad8 16. Qd2 h6 17. Nxf5 Qxf5 18. Bc1 g5 19. Rb1 Bf8 20. h3 Nd7 21. b4
axb4 22. axb4 Bg7 23. Bb2 Nf8 24. b5 Ne7 25. Nh2 Neg6 26. Bf3 b6 27. Rxe8 Rxe8
28. Bc6 Rd8 29. Nf3 Qf4 30. Re1 Qxd2 31. Nxd2 Nf4 32. Be4 N8e6 33. Ba3 Bf8 34.
Bxf8 Kxf8 35. Nb3 Ng7 36. Nc1 Re8 37. Kf1 f5 38. Bc6 Rxe1+ 39. Kxe1 Ke7 40. Kd2
Kd6 41. Ne2 Nge6 42. Nxf4 Nxf4 43. Bb7 h5 44. Bc6 h4 45. Bb7 g4 46. hxg4 fxg4
47. g3 Ng6 48. Bc8 hxg3 49. fxg3 Ne5 50. Bf5 Ke7 51. Bc8 Kf6 52. Ke2 Kg5 53.
Be6 Kh5 54. Bc8 Nf7 55. Bd7 Nd6 56. Be6 Nb7 57. Bd5 Nc5 58. Kd2 Kg5 59. Bc6 Ne6
60. Bd7 Ng7 61. Ke2 Nh5 62. Kf2 Nf6 63. Bc6 Kf5 64. Bb7 Ke5 65. Bc8 Kd6 66. Ke2
Kc5 67. Kd2 Kb4 68. Kc2 Nh5 69. Bxg4 Nxg3 70. Bh3 Ne2 71. Bf5 Nf4 72. Be4 Ne6
73. Bg6 Ka3 74. Be4 Nc5 75. Bf5 Na4 76. Bg4 Nc3 77. Bh5 Na2 78. Bf7 Nb4+ 79.
Kd2 Kb2 80. Bh5 Na2 81. Bd1 Nc1 82. Bh5 Nb3+ 83. Ke2 Kc3 84. Bg6 Nc1+ 85. Kd1
Nxd3 86. Bf7 Ne5 87. Bd5 Nxc4 0-1

[Event "Thüringenliga 2012/2013"]
[Site "?"]
[Date "2012.09.23"]
[Round "1"]
[White "Berner, Stephan"]
[Black "Stiefel, Roland"]
[Result "1/2-1/2"]
[WhiteElo "1809"]
[BlackElo "1998"]
[PlyCount "99"]
[EventDate "2012.??.??"]
[WhiteTeam "SG Blau-Weiß Stadtilm"]
[BlackTeam "SSV Vimaria 91 Weimar"]

1. Nc3 c5 2. e4 a6 3. a4 b6 4. f4 Bb7 5. Nf3 e6 6. g3 Be7 7. Bg2 d6 8. d3 Nd7
9. O-O Qc7 10. Be3 d5 11. Bf2 Ngf6 12. Nd2 g6 13. Qe2 d4 14. Nd1 e5 15. Be1
exf4 16. Rxf4 Ne5 17. Nf3 O-O 18. Nxe5 Qxe5 19. b3 Rad8 20. Nb2 Nd5 21. Rf2 Ne3
22. Nc4 Nxc4 23. bxc4 Bg5 24. Bd2 Bxd2 25. Qxd2 Bc6 26. Qf4 Qxf4 27. Rxf4 Kg7
28. Bh3 Rfe8 29. Rf2 Rb8 30. Kf1 Re7 31. Bg4 Be8 32. Re2 h5 33. Bf3 Re5 34. Ke1
b5 35. Rb1 b4 36. a5 Ba4 37. Kd2 Bc6 38. Rf2 Rbe8 39. Rbf1 R8e7 40. Bd1 Bd7 41.
Rf6 R5e6 42. R6f4 Rc6 43. Kc1 g5 44. R4f2 Bh3 45. Rg1 Kg6 46. g4 Bxg4 47. Bxg4
hxg4 48. Rxg4 Rf6 49. Rfg2 Rf1+ 50. Kb2 1/2-1/2

[Event "Thüringenliga 2012/2013"]
[Site "?"]
[Date "2012.09.23"]
[Round "1"]
[White "Gulich, Christian"]
[Black "Schröter, Maik"]
[Result "1-0"]
[WhiteElo "1965"]
[BlackElo "1716"]
[PlyCount "43"]
[EventDate "2012.??.??"]
[WhiteTeam "SSV Vimaria 91 Weimar"]
[BlackTeam "SG Blau-Weiß Stadtilm"]

1. e4 c5 2. Nf3 d6 3. d4 cxd4 4. Nxd4 Nf6 5. Nc3 a6 6. Bc4 e6 7. Bb3 Be7 8. g4
O-O 9. g5 Ne8 10. Rg1 Nc6 11. Be3 Nxd4 12. Qxd4 b5 13. O-O-O Bb7 14. f4 Qa5 15.
f5 b4 16. f6 Bxf6 17. gxf6 e5 18. Qd3 bxc3 19. fxg7 cxb2+ 20. Kb1 Rc8 21. Bh6
Nxg7 22. Qg3 1-0

[Event "Thüringenliga 2012/2013"]
[Site "?"]
[Date "2012.09.23"]
[Round "1"]
[White "Dittrich, Hans-Georg"]
[Black "Gräf, Michael"]
[Result "1/2-1/2"]
[WhiteElo "1667"]
[BlackElo "1843"]
[PlyCount "32"]
[EventDate "2012.??.??"]
[WhiteTeam "SG Blau-Weiß Stadtilm"]
[BlackTeam "SSV Vimaria 91 Weimar"]

1. e4 e6 2. d4 d5 3. Nc3 Nf6 4. Bg5 Be7 5. e5 Nfd7 6. h4 c5 7. Bxe7 Qxe7 8. Nb5
Na6 9. Nd6+ Kf8 10. f4 Nc7 11. Nf3 Ne8 12. dxc5 Nxc5 13. Qd4 Nxd6 14. Qxc5 Ne4
15. Qd4 Qc5 16. Qxc5+ Nxc5 1/2-1/2